Health Education and Environmental studies / (Record no. 102592)

MARC details
000 -LEADER
fixed length control field 00956nam a22002417a 4500
005 - DATE AND TIME OF LATEST TRANSACTION
control field 20180228131006.0
010 ## - LCCN (DPL NO)
LC control number 1617EN B-652552-562 ENG-117574
020 ## - INTERNATIONAL STANDARD BOOK NUMBER
International Standard Book Number 9788175248090
Terms of availability 800.00
035 ## - SYSTEM CONTROL NUMBER
System control number B-652552-562
035 ## - SYSTEM CONTROL NUMBER
System control number B-667637
035 ## - SYSTEM CONTROL NUMBER
System control number EN-101106
037 ## - SOURCE OF ACQUISITION
Source of stock number/acquisition KKP
037 ## - SOURCE OF ACQUISITION
Source of stock number/acquisition DBAD/PUB
082 ## - DEWEY DECIMAL CLASSIFICATION NUMBER
Classification number 613.071
100 ## - MAIN ENTRY--PERSONAL NAME
Personal name Goun, Jai bhagwan Singh
245 ## - TITLE STATEMENT
Title Health Education and Environmental studies /
Statement of responsibility, etc by Jai bhagwan Singh Goun
260 ## - PUBLICATION, DISTRIBUTION, ETC. (IMPRINT)
Place of publication, distribution, etc New Delhi
Name of publisher, distributor, etc Khel Sahitya Kendra
Date of publication, distribution, etc 2016
270 ## - ADDRESS
Address 7/26, Ansari Road, Darya Ganj
City New Delhi
Postal code 110002
300 ## - PHYSICAL DESCRIPTION
Extent 303p.
Other physical details 22cm(HB)
942 ## - ADDED ENTRY ELEMENTS (KOHA)
Source of classification or shelving scheme Dewey Decimal Classification
Item type English Books
Classification part 613.071
Call number suffix GOU
Holdings
Withdrawn status Lost status Not for loan Collection code Home library Current library Date acquired Source of acquisition Cost, normal purchase price Full call number Barcode Copy number Cost, replacement price Koha item type
      Non-fiction Ashok Vihar Ashok Vihar 28/02/2018 KKP/276/24.2.2017/458/15.2.2017/17.3.2017 800.00 613.071 GOU B-667637 1 800.00 English Books
      Non-fiction Central Library Central Library 21/02/2017 BPPD/EN/2016-17/292/24.11.16/BL192/26.11.16/4.1.17 800.00 613.071 GOU B-652552 1 800.00 English Books
    Not For Loan Non-fiction D.B.Act.Division D.B.Act.Division 24/03/2017 DBAD/PUB 800.00 613.071 GOU EN-101106 1 800.00 English Books
      Non-fiction Janak Puri Janak Puri 21/02/2017 BPPD/EN/2016-17/292/24.11.16/BL192/26.11.16/4.1.17 800.00 613.071 GOU B-652558 1 800.00 English Books
      Non-fiction Karol Bagh Karol Bagh 21/02/2017 BPPD/EN/2016-17/292/24.11.16/BL192/26.11.16/4.1.17 800.00 613.071 GOU B-652560 1 800.00 English Books
      Non-fiction Kasturba Gandhi Marg Kasturba Gandhi Marg 21/02/2017 BPPD/EN/2016-17/292/24.11.16/BL192/26.11.16/4.1.17 800.00 613.071 GOU B-652557 1 800.00 English Books
      Non-fiction Mobile Library Mobile Library 21/02/2017 BPPD/EN/2016-17/292/24.11.16/BL192/26.11.16/4.1.17 800.00 613.071 GOU B-652553 2 800.00 English Books
      Non-fiction Mobile Library Mobile Library 21/02/2017 BPPD/EN/2016-17/292/24.11.16/BL192/26.11.16/4.1.17 800.00 613.071 GOU B-652554 2 800.00 English Books
      Non-fiction New Police Line New Police Line 21/02/2017 BPPD/EN/2016-17/292/24.11.16/BL192/26.11.16/4.1.17 800.00 613.071 GOU B-652555 1 800.00 English Books
      Non-fiction Patel Nagar Patel Nagar 21/02/2017 BPPD/EN/2016-17/292/24.11.16/BL192/26.11.16/4.1.17 800.00 613.071 GOU B-652556 1 800.00 English Books
      Non-fiction Sarojini Nagar Sarojini Nagar 21/02/2017 BPPD/EN/2016-17/292/24.11.16/BL192/26.11.16/4.1.17 800.00 613.071 GOU B-652559 1 800.00 English Books
      Non-fiction Shahdara Branch Shahdara Branch 21/02/2017 BPPD/EN/2016-17/292/24.11.16/BL192/26.11.16/4.1.17 800.00 613.071 GOU B-652561 1 800.00 English Books
      Non-fiction Yojana Vihar Yojana Vihar 21/02/2017 BPPD/EN/2016-17/292/24.11.16/BL192/26.11.16/4.1.17 800.00 613.071 GOU B-652562 1 800.00 English Books

© Delhi Public Library
Hit Counter
free hit counter